Is the Halloween effect present on the share markets of the BRIC countries?

Fungovanie efektívneho trhu je narušované výskytom trhových anomálií. Jednou z nich je kalendárna anomália označovaná ako Halloween efekt. V dôsledku výskytu Halloven efektu a na akciových trhoch dosahujú investori opakovane vyššie výnosy v období november až apríl a nižšie výnosy v období máj až o...

Ausführliche Beschreibung

Gespeichert in:
Bibliographische Detailangaben
1. Verfasser: Veselá, Jitka
Weitere Verfasser: Neubauerová, Lucie
Format: Buchkapitel
Sprache:Englisch
Schlagworte:
Tags: Tag hinzufügen
Keine Tags, Fügen Sie das erste Tag hinzu!

MARC

LEADER 00000naa a2200000 4500
001 0229845
005 20221019172812.5
041 0 |a eng 
044 |a SK 
245 1 0 |a Is the Halloween effect present on the share markets of the BRIC countries?  |c Jitka Veselá, Lucie Neubauerová 
520 |a Fungovanie efektívneho trhu je narušované výskytom trhových anomálií. Jednou z nich je kalendárna anomália označovaná ako Halloween efekt. V dôsledku výskytu Halloven efektu a na akciových trhoch dosahujú investori opakovane vyššie výnosy v období november až apríl a nižšie výnosy v období máj až október. 
610 2 0 |a trh akciový 
610 2 0 |a indexy akciové 
610 2 0 |a BRICS 
610 2 0 |a teória trhov efektívnych 
100 1 |a Veselá, Jitka 
700 1 |a Neubauerová, Lucie